Využitie druhotných zdrojov energie v energetických prevádzkach

Saved in:
Bibliographic Details
Format: Book
Language:Slovak
Published: Bratislava Dom techniky ČSVTS 1979
Tags: Add Tag
No Tags, Be the first to tag this record!

MARC

LEADER 00000nam a2200000 4500
001 0222159
005 20240822101700.3
041 0 |a slo 
044 |a SK 
245 1 0 |a Využitie druhotných zdrojov energie v energetických prevádzkach 
264 1 |a Bratislava  |b Dom techniky ČSVTS  |c 1979 
300 |a 93 s.